Charli xcx - BRAT - Statistics

General Stats
  • This quiz has been taken 211 times
    126 since last reset
  • The average score is 12 of 35
Answer Stats
2024 BRAT % Correct
1 360
92%
15 365
90%
11 Apple
80%
3 Sympathy is a knife
77%
5 Talk talk
74%
2 Club classics
71%
17 Guess
70%
12 B2b
66%
10 Girl, so confusing
64%
6 Von dutch
64%
13 Mean girls
57%
9 So I
55%
7 Everything is romantic
51%
18 Spring breakers
50%
8 Rewind
48%
14 I think about it all the time
44%
4 I might say something stupid
43%
16 Hello goodbye
34%
34 Guess featuring billie eilish
13%
28 Girl, so confusing featuring lorde
8%
23 Talk talk featuring troye sivan
8%
21 Sympathy is a knife featuring ariana grande
7%
35 Spring breakers featuring kesha
6%
19 360 featuring robyn and yung lean
3%
29 Apple featuring the japanese house
3%
30 B2b featuring tinashe
3%
20 Club classics featuring bb trickz
3%
27 So I featuring a.g. cook
3%
33 365 featuring shygirl
2%
32 I think about it all the time featuring bon iver
1%
31 Mean girls featuring julian casablancas
1%
25 Everything is romantic featuring carolina polachek
0%
22 I might say something stupid featuring the 1975 & jon hopkins
0%
26 Rewind featuring bladee
0%
24 Von dutch a. g. cook remix featuring addison rae
0%
No matching quizzes found
Score Distribution
Percent of People with Each Score
Percentile by Number Answered
Your Score History
You have not taken this quiz since the last reset